000 00514nam a2200217Ia 4500
003 OSt
005 20231012092152.0
008 210210b1908 xxu||||| |||| 00| 0 eng d
040 _cAL
041 _aeng
082 _a515/60
100 _aGODFREY
_9137570
245 _aModern Geometry
260 _aLondon
_bCambridge University Press
_c1908
650 _aModern
_9137571
650 _aGeometry
_9137572
690 _aGeometry
_9137572
700 _aSIDDONS
_9137573
906 _a007625
942 _2ddc
_cBK
999 _c140164
_d140164